000 00729nam a22002177a 4500
003 SEM
005 20260625122005.0
008 260625m1974 ai ||||gr|||||01||||arm|d
040 _aSEM
_cSEM
041 _aarm
080 _a891.981/Ա-57
100 _aԱնանյան, Վախթանգ Ստեփանի
245 _aՈրսորդական պատմվածքներ /
_cՎ. Անանյան ; Խմբ.՝ Ռ. Քալաշյան
260 _aԵրևան :
_bՀայաստան հրատ.,
_c1974.
300 _aՊրակ ;
_bնկ. ;
_c21 սմ
505 _aՊրակ Է -
_g1974.- 485 էջ
650 _aՀայ գրականություն
_xարձակ
653 _aՍԷՄ
700 _aՔալաշյան, Ռ.
_eխմբ.
_4edt.
942 _2udc
_cBK
_n0
999 _c77333
_d77333